MDQL
is popping MORE tags! Check the
thread
!
Quizzes
Events
Quiz Creation
Community
Videos
Private Events
Remove Ads
Sign In
Join for FREE
Feedback
Dark Mode
Quiz Categories
Sports
Geography
Music
Movies
Television
Just For Fun
Miscellaneous
History
Literature
Language
Science
Gaming
Entertainment
Religion
Holiday
For Kids
Quiz Lab
Recent
Popular Today
Quiz Kudos Today
Editor Picks
Curator Picks
Quizzes by...
Day
Popularity
Type
Ratings
Length
Year
Community
Subscriptions
Recent Discussions
Orange Saloon
Badges
Playlists
Quests
Create
Leaderboards
Showdown
Live 5
Trivia Bingo
Activity
Puzzle Library
Sporcle Events
Private Events
Virtual Trivia
Globe League
Become a Host
Pub Owners
SporcleCon
Opinionation
Our Games
Videos
Blog
Mobile Apps
Partnerships
Remove Ads and Go Orange
Feedback
Music
Pop Music
The Beatles
Song
Album
Lyrics
Bands
Singers
Artist
Clip
Rock
Rap
Classical
Billboard
Country Music
Kpop
Taylor Swift
Music
Pop Music
The Beatles
Song
Album
Lyrics
Bands
Singers
Artist
Clip
Rock
Rap
Classical
Billboard
Country Music
Kpop
Taylor Swift
Random Quiz
Search Sporcle
×
Quiz Lab
Quiz Lab
Music
Song
Type in answers that appear in a list
Type in answers that appear in a list
Classic
Best Score? Go Orange.
First line of Bob Dylan songs Stats
Can you name the first line of Bob Dylan songs?
By
thecornthecorn
4m
20 Questions
373 Plays
373 Plays
373 Plays
Comments
Comments
Give Quiz Kudos
Give Quiz Kudos
-
- Ratings
hide this ad
Forced Order
Answers have to be entered in order
Answers have to be entered in order
Replay
Link that replays current quiz
Next Quiz
Link to next quiz in quiz playlist
You Got
0%
They Got
Avg Score
46%
Avg Friend Score
Upgrade to see
Score Distribution
Jump to the score distribution portion of the page
Score
0/20
Timer
04:00
0
Plays Today
First line
Song
% Correct
Pistol shots ring out in the barroom night
Hurricane
95.2%
You walk into the room with your pencil in your hand
Ballad of a Thin Man
83.1%
Ain't it just like the night to play tricks when you're tryin' to be so quiet?
Visions of Johanna
79.1%
May God bless and keep you always, may your wishes all come true
Forever Young
74.3%
It ain't no use to sit and wonder why, babe, it don't matter anyhow
Don't Think Twice, It's All Right
71.3%
'Twas in another lifetime, one of toil and blood
Shelter from the Storm
68.9%
Nobody feels any pain tonight as I stand inside the rain
Just Like a Woman
63.3%
Darkness at the break of noon, shadows even the silver spoon
It's Alright, Ma (I'm Only Bleeding)
59%
Your breath is sweet, your eyes are like two jewels in the sky
One More Cup of Coffee (Valley Below)
45.3%
Shadows are falling, and I've been here all day
Not Dark Yet
38.9%
First line
Song
% Correct
When she said 'don't waste your words, they're just lies,' I cried she was deaf
Fourth Time Around
36.7%
Born in Red Hook, Brooklyn, in the year of who-
knows-
when
Joey
36.2%
See the arrow on the doorpost saying 'this land is condemned all the way from New Orleans to Jerusalem'
Blind Willie McTell
35.7%
I can't understand, she let go of my hand and left me here facing the wall
I Don't Believe You (She Acts Like We Never Have Met
33.5%
Man comes to the door, I say 'for whom are you lookin'?'
Po' Boy
23.6%
As I walked out tonight in the mystic garden, the wounded flowers were dangling from the vine
Ain't Talkin'
22%
I'm beginning to hear voices, and there's no one around
Cold Irons Bound
21.2%
Well, I took me a woman late last night, I was three-
fourths drunk, she looked alright
I Shall Be Free
18.8%
Oh, the gentlemen are talking and the midnight moon is on the riverside
Dark Eyes
9.4%
I get the blues for you, baby, when I look up at the sun
Shake Shake Mama
8.6%
Quiz Playlist
Details
Report
Send in Message
Add To Playlist
Classic:
Type in answers that appear in a list
Forced Order:
Answers have to be entered in order
Last Updated: Feb 16, 2017
Quiz Scoreboard
CHALLENGE
Sign Up to Join the Scoreboard
Show All
Scores
Hide
Comments
May contain spoilers
Recently Published
1-10 Letter E Words III
by El_Dandy
Language
2m
Street Fighter Characters
by Artimus82
Gaming
60s
College Basketball Coaching Resumes
by pancakes188
Sports
9m
More to Explore
Quiz From the Vault
Featured Blog Post
Where Did the Easter Bunny Come From?
hide this ad
You Might Also Like...
Tags
Song Quiz
bob
Bob Dylan
Dylan
Today's Top Quizzes in Music
Browse Music
hide this ad
Today's Top Quizzes in Song
Browse Song
Top Contributed Quizzes in Music
1
Taylor Swift All Songs (2024)
2
Taylor Swift Logic Puzzle
3
Guess the Artist- 70s Songs
4
7-to-1: Billboard Hot 100 #1 Hits of 2010s
5
Sorting Albums and Songs
6
KPOP LOGIC QUIZ
7
Billboard Blitz: Aretha Franklin
8
Guess the Taylor Swift song (Mystery Song)
9
Guess The Taylor Swift Lyrics Song #1
10
Billboard Blitz: ABBA
Explore More
Trending Topics
NBA
Marvel
Disney
Harry Potter
Crossword
Kpop
Anime
The Office
Country
NFL
Pokémon
WWE
Puzzle
Song
Soccer
hide this ad
More By:
thecornthecorn
Quiz
Plays
Rating
Category
Featured
Created
First line of Bob Dylan songs
373
5.00
Music
Jun 6, 2010
Go to Creator's Profile
Score Distribution
Quiz Creator Spotlight
thecornthecorn
Follow
Send a Message
Quizzes Created
-
Created Quiz Play Count
-
More By This Creator
Popular Quizzes Today
1
Find the US States - No Outlines Minefield
2
Find the Countries of Europe - No Outlines Minefield
3
Find the US States
4
The Countries of the World
5
Risky Map Clicking: Biggest States A-Z
6
US States
7
Popular People in 1961
8
Movies - When Are They Set?
More Music Quizzes
Figure out the lyrics: High School Musical
Quiz Lab
Trending Quizzes
Risky Map Clicking: Least Populous States A-Z
1-10 Letter G Words
Countries of the World: 200 Million BC
1-10 Letter F Words
Risky Map Clicking: Next State Alphabetically
Recently Updated
Largest US Cities 1790-2010
pecheneg
Rides in Walt Disney World
pecheneg
Most Oscar Losses (Acting)
pecheneg
Beyoncé Albums
pecheneg
Leaping Animals
pecheneg
Reality TV Shows (A-Z)
bhenderson79
Rickey Henderson's Hall of Fame Teammates
pecheneg
Champions League XIs: Arsenal
pecheneg
Quick Pick: Celebrities in WWE's Hall of Fame
aduchscher
A-Z Keypad Blitz II
pecheneg
Trending Topics
Crossword
Kpop
Marvel
Disney
Anime
NBA
Harry Potter
Pokémon
Soccer
Puzzle
Song
NFL
The Office
Country
WWE
Your Account Isn't Verified!
In order to create a playlist on Sporcle, you need to verify the email address you used during registration. Go to your
Sporcle Settings
to finish the process.
Report this User
Report this user for behavior that violates our
Community Guidelines
.
Details:
Send Report
Go to the Sporcle.com Mobile Site →
Comments